Teljesítményértékelés családi vállalkozásoknál = Performance appraisal of family business

The family business isn't just an ordinary business. The family and business life are intertwined. International research in the European Union showed that the proportion of family businesses 70-80%. These companies provide 40-50% of the jobs. Typically, most of them are micro and small enterpr...

Teljes leírás

Elmentve itt :
Bibliográfiai részletek
Szerző: Bogáth Ágnes
Dokumentumtípus: Cikk
Megjelent: Egyesület Közép-Európa Kutatására Szeged 2016
Sorozat:Taylor : gazdálkodás- és szervezéstudományi folyóirat 8 No. 3
Kulcsszavak:Vállalkozás - családi, Munkaerőgazdálkodás - vállalati, Munkaszervezés - vállalati, Vezetés - vállalati, Foglalkoztatás, Munkaerő
Tárgyszavak:
Online Access:http://acta.bibl.u-szeged.hu/54983
LEADER 01847nab a2200229 i 4500
001 acta54983
005 20260108100019.0
008 180623s2016 hu o 000 hun d
022 |a 2064-4361 
040 |a SZTE Egyetemi Kiadványok Repozitórium  |b hun 
041 |a hun 
041 |a eng 
100 1 |a Bogáth Ágnes 
245 1 0 |a Teljesítményértékelés családi vállalkozásoknál = Performance appraisal of family business  |h [elektronikus dokumentum] /  |c  Bogáth Ágnes 
260 |a Egyesület Közép-Európa Kutatására  |b Szeged  |c 2016 
300 |a 104-111 
490 0 |a Taylor : gazdálkodás- és szervezéstudományi folyóirat  |v 8 No. 3 
520 3 |a The family business isn't just an ordinary business. The family and business life are intertwined. International research in the European Union showed that the proportion of family businesses 70-80%. These companies provide 40-50% of the jobs. Typically, most of them are micro and small enterprises. The employee is been different attitude based on family member or non-family member. It appears for example fast foward, trust, salary. The answer have looked for in my researche, that this different attitude is displayed in the performance appraisal, and measurement. My research method was to analyze own survey which consists of 207-piece sample taken from SME family business, review the Hungarian and international literature, process other opinions of Hungarian expert of family business and examine international survey made by KPMG. 
650 4 |a Társadalomtudományok 
650 4 |a Közgazdasági és gazdálkodástudományok 
695 |a Vállalkozás - családi, Munkaerőgazdálkodás - vállalati, Munkaszervezés - vállalati, Vezetés - vállalati, Foglalkoztatás, Munkaerő 
856 4 0 |u http://acta.bibl.u-szeged.hu/54983/1/taylor_2016_003_104-111.pdf  |z Dokumentum-elérés